Músculos del dorso - Estadísticas

Estadísticas generales
  • Esta prueba ha sido intentada 55 veces
    54 desde el último reinicio
  • La puntuación promedio es 3 de 12
Estadísticas de respuestas
Imagen Respuesta % Correcto
Trapecio
92%
Dorsal ancho
57%
Espinoso
56%
Erector de la columna
50%
Romboides mayor
42%
Elevador de la escápula
40%
Recto posterior menor de la cabeza
40%
Serrato posterior inferior
40%
Serrato posterior superior
40%
Iliocostal
38%
Romboides menor
31%
Recto posterior mayor de la cabeza
27%
Longísimo
25%
Esplenio de la cabeza
23%
Intertransversos
22%
Multífido
21%
Rotadores
18%
Interespinosos
15%
Oblicuo menor de la cabeza
13%
Esplenio cervical
11%
Semiespinoso de la cabeza
11%
Longísimo cervical
10%
Iliocostal lumbar
9%
Semiespinoso torácico
8%
Espinoso cervical
0%
Espinoso de la cabeza
0%
Espinoso torácico
0%
Iliocostal cervical
0%
Iliocostal torácico
0%
Longísimo de la cabeza
0%
Longísimo torácico
0%
Oblicuo mayor de la cabeza
0%
Semiespinoso cervical
0%
No se encontraron pruebas coincidentes
Distribución de puntuación
Porcentaje de gente con cada puntuación
Porcentaje por número respondido
Historial de tus puntuaciones
No has intentado esta prueba desde el último reinicio